000 00597nam a2200181Ia 4500
008 151202s9999||||xx |||||||||||||| ||und||
082 _bPNVM-21119
100 _aकाणेकर अनंत.
245 _aनिळे डोंगर तांबडी माती.
260 _b---
260 _c0
300 _a0
600 _aकाणेकर अनंत.
630 _aनिळे डोंगर तांबडी माती.
700 _aकाणेकर अनंत.
730 _aनिळे डोंगर तांबडी माती.
942 _cBOOK
999 _c1287096
_d1287093